| 000 | 00515nam a2200157 a 4500 | ||
|---|---|---|---|
| 005 | 20140412111220.0 | ||
| 008 | 000904s19uu xx 00 eng d | ||
| 020 | _a1-85737-081-3 | ||
| 050 |
_aREF 507 _bIl6 1992 |
||
| 245 |
_aThe Illustrated dictionary of : _banimal life / _cContributors: Martin Walters; Lesley Ann Daniels. |
||
| 260 |
_aWiltshire, UK : _bMerlion Publishing LTd., _c1992. |
||
| 300 | _a160 p. ; ill. | ||
| 440 | _aThe Illustrated Dictionary | ||
| 650 |
_aAnimals _xDictionaries |
||
| 999 |
_c101907 _d101907 |
||